Essentials of Management Information Systems : (Record no. 10305)
[ view plain ]
| 000 -LEADER | |
|---|---|
| fixed length control field | 01105cam a22002894a 4500 |
| 090 ## - LOCALLY ASSIGNED LC-TYPE CALL NUMBER (OCLC); LOCAL CALL NUMBER (OCLC) | |
| -- | 10305 |
| 001 - CONTROL NUMBER | |
| control field | 13451844 |
| 005 - DATE AND TIME OF LATEST TRANSACTION | |
| control field | 20201128013447.0 |
| 008 - FIXED-LENGTH DATA ELEMENTS--GENERAL INFORMATION | |
| fixed length control field | 040107s2009 njua | b 001 0 eng |
| 020 ## - INTERNATIONAL STANDARD BOOK NUMBER | |
| International Standard Book Number | 9780135013533 |
| 020 ## - INTERNATIONAL STANDARD BOOK NUMBER | |
| International Standard Book Number | 0135013534 |
| 040 ## - CATALOGING SOURCE | |
| Original cataloging agency | DLC |
| Transcribing agency | DLC |
| Modifying agency | DLC |
| 042 ## - AUTHENTICATION CODE | |
| Authentication code | pcc |
| 082 00 - DEWEY DECIMAL CLASSIFICATION NUMBER | |
| Classification number | 658.4038011 |
| Edition number | 22 |
| Item number | LAU |
| 100 1# - MAIN ENTRY--PERSONAL NAME | |
| Personal name | Laudon, Kenneth C. |
| Dates associated with a name | 1944- |
| 9 (RLIN) | 1293 |
| 245 10 - TITLE STATEMENT | |
| Title | Essentials of Management Information Systems : |
| Statement of responsibility, etc | Kenneth C. Laudon, Jane P. Laudon. |
| 250 ## - EDITION STATEMENT | |
| Edition statement | 8th ed. |
| Remainder of edition statement | Pearson International Edition. |
| 260 ## - PUBLICATION, DISTRIBUTION, ETC. (IMPRINT) | |
| Place of publication, distribution, etc | Upper Saddle River, NJ : |
| Name of publisher, distributor, etc | Prentice Hall, |
| Date of publication, distribution, etc | c2009. |
| 260 ## - PUBLICATION, DISTRIBUTION, ETC. (IMPRINT) | |
| Name of publisher, distributor, etc | Distributer: Bacca. |
| 300 ## - PHYSICAL DESCRIPTION | |
| Extent | xxiii, 441 p. : |
| Other physical details | col. ill. ; |
| Dimensions | 29 cm. |
| 504 ## - BIBLIOGRAPHY, ETC. NOTE | |
| Bibliography, etc | Includes bibliographical references and index. |
| 650 #0 - SUBJECT ADDED ENTRY--TOPICAL TERM | |
| 9 (RLIN) | 1296 |
| Topical term or geographic name as entry element | Management information systems |
| 700 1# - ADDED ENTRY--PERSONAL NAME | |
| Personal name | Laudon, Jane P. |
| 9 (RLIN) | 1297 |
| Fuller form of name | Laudon, Jane Price. |
| 856 41 - ELECTRONIC LOCATION AND ACCESS | |
| Materials specified | Table of contents |
| Uniform Resource Identifier | <a href="http://www.loc.gov/catdir/toc/ecip0413/2004000086.html">http://www.loc.gov/catdir/toc/ecip0413/2004000086.html</a> |
| 942 ## - ADDED ENTRY ELEMENTS (KOHA) | |
| Source of classification or shelving scheme | Dewey Decimal Classification |
| Item type | Book - Borrowing |
| Withdrawn status | Item status | Source of classification or shelving scheme | Damaged status | Not for loan | Home library | Current library | Shelving location | Date acquired | Source of acquisition | Total Checkouts | Total Renewals | Full call number | Barcode | Date last seen | Date last borrowed | Koha item type | Vendor | Cost, normal purchase price | Serial Enumeration / chronology |
|---|---|---|---|---|---|---|---|---|---|---|---|---|---|---|---|---|---|---|---|
| Dewey Decimal Classification | Central Library | Central Library | First floor | 19/11/2008 | Purchase | 5 | 5 | 658.4038011 LAU | 000014252 | 15/07/2025 | 27/09/2014 | Book - Borrowing | |||||||
| Dewey Decimal Classification | Central Library | Central Library | First floor | 19/11/2008 | Purchase | 8 | 26 | 658.4038011 LAU | 000014253 | 15/07/2025 | 24/10/2012 | Book - Borrowing | |||||||
| Dewey Decimal Classification | Central Library | Central Library | First floor | 19/11/2008 | Purchase | 3 | 658.4038011 LAU | 000014254 | 15/07/2025 | 25/03/2010 | NB - Book (Non borrowing) | ||||||||
| Dewey Decimal Classification | Central Library | Central Library | First floor | 30/05/2009 | 4 | 10 | 658.4038011 LAU | 000016540 | 15/07/2025 | 05/05/2011 | Book - Borrowing | Alahram | 225.00 | 378 |